Add a 'CH' Quiz Stats

 Plays Quiz Updated Jul 19, 2015

Also try: Add a 'QU'
Challenge
Share
Tweet
Embed
Score 0/24 Timer 05:00
1 Play Today
Clue Answer % Correct
Broad smilegrin → Grinch
91.4%
Only US state with one syllableMaine → Machine
90.5%
Greek equivalent of MarsAres → arches
87.2%
City that contains the smallest country in the worldRome → Chrome
83.5%
One to whom a Muslim praysAllah → challah
80.9%
Use this appliance to get the wrinkles outiron → Chiron
78.5%
Type of eclipsesolar → scholar
77.4%
Aardvark foodant → chant
77.1%
What -vore means in carnivoreeater → cheater
76.7%
Monday, in Spanishlunes → lunches
74.2%
Shallowest of the Great LakesErie → chérie
73.9%
Carrying a weaponarmed → Charmed
72.2%
Clue Answer % Correct
One who kicks the ball past the goalkeeperscorer → scorcher
71.7%
Rooster, stallion or gander e.g.male → McHale
71%
Island, in Frenchîle → Chile
68.7%
Figure on Chinese currencyMao → macho
67.7%
Mop the decksswab → Schwab
65.3%
Evergreen treespines → pinches
61.6%
Major for an aspiring actordrama → drachma
55.5%
Transport someone via helicopter in an emergencyairlift → chairlift
54.7%
Legal claim on someone's propertylien → lichen
51.8%
Said out loudoral → choral
48.4%
One from OklahomaSooner → schooner
36.3%
Extinct flightless birdmoa → mocha
34%

You're not logged in!

Compare scores with friends on all Sporcle quizzes.
OR
Log In

You Might Also Like...

Show Comments

Extras

Top Quizzes Today


Score Distribution

Your Account Isn't Verified!

In order to create a playlist on Sporcle, you need to verify the email address you used during registration. Go to your Sporcle Settings to finish the process.

Report this User

Report this user for behavior that violates our Community Guidelines.

Details: